000 00925nam a2200277 i 4500
001 58547
003 ES-MaACL
005 20250822175826.0
007 t|
008 031022s1978 sp ||||1| spa d
020 _a84-03-20987-8
080 _a591.1
100 1 _aDukes, H. H.
_945958
245 1 0 _aFisiología de los animales domésticos /
_cH.H. Dukes y M.J. Swenson ; traducción de Francisco J. Castejón Calderón.
250 _a4ª ed.
260 _a[Madrid] :
_bAguilar,
_c1978.
300 _a1 v. (XI, 1059-1864 p.) :
_bil. ;
_c24 cm.
490 1 _aCiencia y técnica
505 8 _aContiene: 2. Funciones de integración y reproducción
650 7 _aFisiología veterinaria
_2embne
_912892
700 1 _aSwenson, Melvin J.
_9175011
700 1 _aCastejón, Francisco J.,
_d1923-2008
_936463
830 1 0 _aCiencia y técnica
_9177702
852 4 _aES-MaACL
_jA-9709
999 _c58547
_d58547